000 00747nam a2200301 a 4500
003 AR-BaBNM
005 20251128203453.0
008 082120s2002 ||||||||||||||000 | spa||
020 _a950-037-002-6
040 _cAR-BaBNM
100 1 _aLago, Armando V.
245 0 0 _aTeoría de los precios
260 _aBuenos Aires
_bMacchi
_c1982
300 _a130 p.
_bgráfs., tablas
490 0 _aTemas de economía
650 4 _aPRECIOS
650 4 _aCOMERCIO
650 4 _aCONTROL DE PRECIOS
650 4 _aDEFLACION
650 4 _aINFLACION
650 4 _aOFERTA Y DEMANDA
650 4 _aPOLITICA DE PRECIOS
650 4 _aVALOR ECONOMICO
650 4 _aCOSTO DE VIDA
700 1 _aLicciardo, Cayetano
942 _cBK
998 _cmariana
999 _c3530
_d3530